Ankara M1 Metro İstasyonları - Statistics

General Stats
  • This quiz has been taken 20 times
  • The average score is 9 of 12
Answers on the Map
Answers color-coded by a green-red scale on the quiz's map according to % correct below.
 
Answer Stats
Answer % Correct
Kızılay
100%
Sıhhiye
81%
Ulus
81%
Batıkent
75%
Demetevler
75%
Hastane
75%
Akköprü
69%
A.K.M.
69%
İvedik
69%
OSTİM
69%
Yenimahalle
69%
Macunköy
56%
No matching quizzes found
Score Distribution
Percent of People with Each Score
Percentile by Number Answered
Your Score History
You have not taken this quiz